Complex structure in the Gupta-Bleuler quantization method; Physics Letters B; Vol. 423, № 3-4
| Parent link: | Physics Letters B.— , 1967- Vol. 423, № 3-4.— 1998.— P. 274-280 |
|---|---|
| Autor principal: | |
| Altres autors: | |
| Sumari: | We examine the general conditions for the existence of the complex structure intrinsic in the Gupta-Bleuler quantization method for the specific case of mixed first and second class fermionic constraints in an arbitrary space-time dimension. The cases d = 3 and 10 are shown to be of prime importance. The explicit solution for d = 10 is presented. В фонде НТБ ТПУ отсутствует |
| Idioma: | anglès |
| Publicat: |
1998
|
| Matèries: | |
| Format: | MixedMaterials Capítol de llibre |
| KOHA link: | https://koha.lib.tpu.ru/cgi-bin/koha/opac-detail.pl?biblionumber=596430 |
MARC
| LEADER | 00000naa0a2200000 4500 | ||
|---|---|---|---|
| 001 | 596430 | ||
| 005 | 20250402124934.0 | ||
| 035 | |a (RuTPU)RU\TPU\tpu\19227 | ||
| 035 | |a RU\TPU\tpu\19226 | ||
| 090 | |a 596430 | ||
| 100 | |a 20110209d1998 k||y0rusy50 ba | ||
| 101 | 0 | |a eng | |
| 102 | |a NL | ||
| 200 | 1 | |a Complex structure in the Gupta-Bleuler quantization method |f S. Bellucci, A. V. Galajinsky | |
| 330 | |a We examine the general conditions for the existence of the complex structure intrinsic in the Gupta-Bleuler quantization method for the specific case of mixed first and second class fermionic constraints in an arbitrary space-time dimension. The cases d = 3 and 10 are shown to be of prime importance. The explicit solution for d = 10 is presented. | ||
| 333 | |a В фонде НТБ ТПУ отсутствует | ||
| 461 | |t Physics Letters B |d 1967- | ||
| 463 | |t Vol. 423, № 3-4 |v P. 274-280 |d 1998 | ||
| 610 | 1 | |a труды учёных ТПУ | |
| 700 | 1 | |a Bellucci |b S. |g Stefano | |
| 701 | 1 | |a Galajinsky |b A. V. |c Doctor of Physical and Mathematical Sciences, Tomsk Polytechnic University (TPU), Department of Higher Mathematics and Mathematical Physics of the Institute of Physics and Technology (HMMPD IPT) |c Professor of the TPU |f 1971- |g Anton Vladimirovich |3 (RuTPU)RU\TPU\pers\27878 |9 12894 | |
| 801 | 1 | |a RU |b 63413507 |c 20110209 | |
| 801 | 2 | |a RU |b 63413507 |c 20160315 |g RCR | |
| 942 | |c CR | ||